Taxonomy of cryptanalysis in Pakistan based on the experience of allied cryptanalysis efforts during world war-II (Record no. 180853)
[ view plain ]
| 000 -LEADER | |
|---|---|
| fixed length control field | 00719 a2200181 4500 |
| 003 - CONTROL NUMBER IDENTIFIER | |
| control field | Nust |
| 005 - DATE AND TIME OF LATEST TRANSACTION | |
| control field | 20170207153158.0 |
| 040 ## - CATALOGING SOURCE | |
| Transcribing agency | Nust |
| 082 ## - DEWEY DECIMAL CLASSIFICATION NUMBER | |
| Classification number | 005.8 |
| 100 ## - MAIN ENTRY--PERSONAL NAME | |
| Personal name | Rehman, Zaka Ur (Cryptology-1) |
| 245 ## - TITLE STATEMENT | |
| Title | Taxonomy of cryptanalysis in Pakistan based on the experience of allied cryptanalysis efforts during world war-II |
| Statement of responsibility, etc. | Zaka Ur Rehman |
| 260 ## - PUBLICATION, DISTRIBUTION, ETC. | |
| Name of publisher, distributor, etc. | MCS, |
| Date of publication, distribution, etc. | May,1999 |
| 300 ## - PHYSICAL DESCRIPTION | |
| Extent | 126 p. |
| 505 ## - FORMATTED CONTENTS NOTE | |
| Formatted contents note | Beginning of cryptology (page-1), The theory of cryptoanalysis (page-13), The German Cipher machine 'ENIGMA (PAGE-25), Breaking of the Enigma Cipher (page-45), Cryptanalsis in Pakistan (page-84), Case study (page-96). |
| 538 ## - SYSTEM DETAILS NOTE | |
| System details note | Almirah No.70 Shelf No.3 |
| 650 ## - SUBJECT ADDED ENTRY--TOPICAL TERM | |
| Topical term or geographic name entry element | MSIS Thesis |
| 651 ## - SUBJECT ADDED ENTRY--GEOGRAPHIC NAME | |
| Geographic name | (Cryptology-1) |
| 942 ## - ADDED ENTRY ELEMENTS (KOHA) | |
| Koha item type | |
| Withdrawn status | Lost status | Source of classification or shelving scheme | Damaged status | Not for loan | Collection code | Permanent Location | Current Location | Date acquired | Total Checkouts | Full call number | Barcode | Date last seen | Price effective from | Koha item type |
|---|---|---|---|---|---|---|---|---|---|---|---|---|---|---|
| Military College of Signals (MCS) | Military College of Signals (MCS) | 12/12/2016 | 005.8 REH | MCSTIS-1 | 12/08/2016 | 12/12/2016 | Book | |||||||
| Military College of Signals (MCS) | Military College of Signals (MCS) | 12/12/2016 | 005.8 REH | MCSTIS-90 | 12/08/2016 | 12/12/2016 | Book |
